000 00354nam a22001217a 4500
999 _c2316
_d2316
005 20200911123000.0
008 200911b ||||| |||| 00| 0 eng d
020 _a9780385468459
040 _cCML
245 _aA History of Philosophy.
_cCopleston, F.S.J.
260 _aNew York
_bImage Books Doubleday
_c1993
942 _2ddc
_cBK
_h907
_mCOP